000 00693nam a22002417a 4500
003 UA-OsUOA
001 121926
007 ta
008 20170404b un ||||| |||| 00| 0 ukr d
100 _aКаллаган М.
090 _a821.161.1
_bК17
942 _cBK
040 _aUA-OsUOA
_brus
_cUA-OsUOA
_dUA-OsUOA
245 _aРадость на небесах. Тихий уголок. И снова к солнцу
_bроманы
300 _a528 с.
955 _a3
041 _arus
080 _a821.161.1
591 _aДімаров А.
260 _aМ.
_bРадуга
_c1982
650 7 _a82 Література. Літературознавство
_2UDC
999 _c407896
_d407896